00434nam a2200145Ia 4500003000400000008004100004040001600045082001300061100001900074245010800093260004000201300001000241650001500251650002200266GCL140319s9999 xx 000 0 eng d aGCL / cGCL04a843bA C1 aALAUX, GUSTAVE10aCAHIERS DE LOUIS-ADHEMAR-TIMOTHEE: LE GOLIF DIT BORGNEFESSE CAPITIANE DE LA PHIBUSTE / cALAUX, GUSTAVE a[S.N] : bBERNARD GRASSET ، c1952 a220 P04aLITERATURE04aFRENCH LITERATURE